MyGZULibrary

Contemporary diplomacy : (Record no. 10556)

MARC details
000 -LEADER
fixed length control field 01910cam a2200361 a 4500
001 - CONTROL NUMBER
control field 16726274
003 - CONTROL NUMBER IDENTIFIER
control field GZU
005 - DATE AND TIME OF LATEST TRANSACTION
control field 20220606151916.0
008 - FIXED-LENGTH DATA ELEMENTS--GENERAL INFORMATION
fixed length control field 110408s2010 enka b 001 0 eng d
010 ## - LIBRARY OF CONGRESS CONTROL NUMBER
LC control number 2011389670
015 ## - NATIONAL BIBLIOGRAPHY NUMBER
National bibliography number GBB011921
Source bnb
015 ## - NATIONAL BIBLIOGRAPHY NUMBER
National bibliography number GBB011921
Source dnb
016 7# - NATIONAL BIBLIOGRAPHIC AGENCY CONTROL NUMBER
Record control number 015478880
Source Uk
020 ## - INTERNATIONAL STANDARD BOOK NUMBER
International Standard Book Number 9780745642796 (hardback)
020 ## - INTERNATIONAL STANDARD BOOK NUMBER
International Standard Book Number 0745642799 (hardback)
020 ## - INTERNATIONAL STANDARD BOOK NUMBER
International Standard Book Number 9780745642802 (pbk.)
020 ## - INTERNATIONAL STANDARD BOOK NUMBER
International Standard Book Number 0745642802 (pbk.)
035 ## - SYSTEM CONTROL NUMBER
System control number (OCoLC)ocn437299563
040 ## - CATALOGING SOURCE
Original cataloging agency UKM
Transcribing agency UKM
Modifying agency BTCTA
-- YDXCP
-- J2H
-- CDX
-- BWX
-- MIA
-- DEBBG
-- OBE
-- DGU
-- DLC
042 ## - AUTHENTICATION CODE
Authentication code lccopycat
050 00 - LIBRARY OF CONGRESS CALL NUMBER
Classification number JZ1305
Item number .PIG 2010
100 1# - MAIN ENTRY--PERSONAL NAME
Personal name Pigman, Geoffrey Allen.
Relator term author
245 10 - TITLE STATEMENT
Title Contemporary diplomacy :
Remainder of title representation and communication in a globalized world /
Statement of responsibility, etc. Geoffrey Allen Pigman.
260 ## - PUBLICATION, DISTRIBUTION, ETC.
Place of publication, distribution, etc. Cambridge, UK ;
-- Malden, MA :
Name of publisher, distributor, etc. Polity,
Date of publication, distribution, etc. c2010.
300 ## - PHYSICAL DESCRIPTION
Extent xiii, 241 pages. :
Other physical details illustrations. ;
Dimensions 23 cm.
504 ## - BIBLIOGRAPHY, ETC. NOTE
Bibliography, etc. note Includes bibliographical references (p. 224-234) and index.
505 0# - FORMATTED CONTENTS NOTE
Formatted contents note Introduction : understanding global interactions through diplomacy -- Section one. Actors and venues. The changing landscape of diplomatic actors and venues -- Nation-state governments, sub-national and local governments -- Multilateral institutions, supranational polities and regional bodies -- Global and transnational firms -- Civil society organizations and eminent person diplomats -- Section two. Processes and functions. Technological change and diplomatic process -- Public diplomacy -- Managing economic diplomacy -- Managing military and security diplomacy -- Managing cultural diplomacy -- Conclusions : contemporary diplomatic practice and theory looking ahead.
650 #0 - SUBJECT ADDED ENTRY--TOPICAL TERM
Topical term or geographic name entry element Diplomacy.
650 #0 - SUBJECT ADDED ENTRY--TOPICAL TERM
Topical term or geographic name entry element International relations.
906 ## - LOCAL DATA ELEMENT F, LDF (RLIN)
a 7
b cbc
c copycat
d 2
e ncip
f 20
g y-gencatlg
942 ## - ADDED ENTRY ELEMENTS (KOHA)
Source of classification or shelving scheme Library of Congress Classification
Koha item type Books
Classification part 1305
Item part PIG
Call number prefix JZ
Holdings
Withdrawn status Lost status Source of classification or shelving scheme Damaged status Not for loan Collection code Home library Current library Shelving location Date acquired Source of acquisition Total Checkouts Full call number Barcode Date last seen Date last checked out Copy number Price effective from Koha item type
    Library of Congress Classification     Non-fiction City Campus Library City Campus Library General Stacks 06/06/2022 American Embassy 1 JZ1305 PIG 2010 032367 01/17/2023 10/18/2022 c. 1 06/06/2022 Books